|
|
|
|
| LEADER |
00000nam2a2200000 4500 |
| 001 |
38776 |
| 005 |
20231031010638.0 |
| 035 |
|
|
|a (RuTPU)RU\TPU\book\39605
|
| 090 |
|
|
|a 38776
|
| 100 |
|
|
|a 20020318d1987 m y0rusy50 ca
|
| 101 |
0 |
|
|a rus
|
| 102 |
|
|
|a UA
|
| 105 |
|
|
|a a j 001zy
|
| 200 |
0 |
|
|a Ч. 3: Интегрирование дифференциальных уравнений
|
| 210 |
|
|
|d 1987
|
| 215 |
|
|
|a 343 с.
|c ил.
|
| 320 |
|
|
|a Библиогр.: с. 337.
|
| 320 |
|
|
|a Предм. указ.: с. 338-341.
|
| 461 |
|
1 |
|0 (RuTPU)RU\TPU\book\39578
|t Математический анализ
|o Учебник для университетов
|o В 3-х т.
|f И. И. Ляшко, А. К. Боярчук, Я. Г. Гай, А. Ф. Калайда
|v Ч. 3: Интегрирование дифференциальных уравнений
|d 1983-
|
| 610 |
1 |
|
|a математика
|
| 610 |
1 |
|
|a математический анализ
|
| 610 |
1 |
|
|a дифференциальные уравнения
|
| 610 |
1 |
|
|a дифференциальные задачи
|
| 610 |
1 |
|
|a уравнения
|
| 610 |
1 |
|
|a задача Коши
|
| 610 |
1 |
|
|a интегрирование
|
| 610 |
1 |
|
|a устойчивость
|
| 610 |
1 |
|
|a частные производные
|
| 610 |
1 |
|
|a явные уравнения
|
| 610 |
1 |
|
|a неявные уравнения
|
| 610 |
1 |
|
|a учебники
|
| 675 |
|
|
|a 517(075.8)
|v 3
|
| 801 |
|
1 |
|a RU
|b 63413507
|c 20020318
|g PSBO
|
| 801 |
|
2 |
|a RU
|b 63413507
|c 20140423
|g PSBO
|
| 942 |
|
|
|c BK
|